<?xml version="1.0" encoding="UTF-8"?>
<collection xmlns="http://www.loc.gov/MARC21/slim">
 <record>
  <leader>00765nam a2200229   4500</leader>
  <controlfield tag="001">000020167</controlfield>
  <controlfield tag="003">16612</controlfield>
  <controlfield tag="005">20150812150812.0</controlfield>
  <controlfield tag="008">150302s2014                           sd</controlfield>
  <datafield tag="100" ind1="1" ind2=" ">
   <subfield code="a">Tôn Gia Huyên</subfield>
  </datafield>
  <datafield tag="245" ind1="1" ind2="0">
   <subfield code="a">Tôn Quang Phiệt</subfield>
   <subfield code="b">1900-1973</subfield>
   <subfield code="c">St.,bs. : Tôn Gia Huyên, Chương Thâu, Tôn Thảo Miên ; Nguyễn Đình Chú (giới thiệu)</subfield>
  </datafield>
  <datafield tag="260" ind1=" " ind2=" ">
   <subfield code="a">H.</subfield>
   <subfield code="b">Văn học</subfield>
   <subfield code="c">2014</subfield>
  </datafield>
  <datafield tag="774" ind1=" " ind2=" ">
   <subfield code="d">H.</subfield>
   <subfield code="d">Văn học</subfield>
   <subfield code="d">2014</subfield>
   <subfield code="g">Quyến I</subfield>
   <subfield code="h">1255 tr.</subfield>
   <subfield code="t">Lịch sử</subfield>
   <subfield code="w">16613</subfield>
  </datafield>
  <datafield tag="774" ind1=" " ind2=" ">
   <subfield code="d">H.</subfield>
   <subfield code="d">Văn học</subfield>
   <subfield code="d">2014</subfield>
   <subfield code="g">Quyến II</subfield>
   <subfield code="h">683 tr.</subfield>
   <subfield code="t">Văn học</subfield>
   <subfield code="w">16614</subfield>
  </datafield>
  <datafield tag="OWN" ind1=" " ind2=" ">
   <subfield code="a">LSP</subfield>
  </datafield>
  <datafield tag="999" ind1=" " ind2=" ">
   <subfield code="a">From the UDN01</subfield>
  </datafield>
  <datafield tag="TYP" ind1=" " ind2=" ">
   <subfield code="a">Monograph</subfield>
  </datafield>
  <datafield tag="TYP" ind1=" " ind2=" ">
   <subfield code="a">Printed language</subfield>
  </datafield>
  <datafield tag="980" ind1=" " ind2=" ">
   <subfield code="a">Mạng thư viện Đại học Đà Nẵng</subfield>
  </datafield>
 </record>
</collection>
